A tourist guide to notable Philippine museums / (Record no. 8080)

MARC details
000 -LEADER
fixed length control field 01047nam a22003377i 4500
001 - CONTROL NUMBER
control field 17486653
003 - CONTROL NUMBER IDENTIFIER
control field URS
005 - DATE AND TIME OF LATEST TRANSACTION
control field 20220114153041.0
008 - FIXED-LENGTH DATA ELEMENTS--GENERAL INFORMATION
fixed length control field 161010b xxu||||| |||| 00| 0 eng d
010 ## - LIBRARY OF CONGRESS CONTROL NUMBER
LC control number 2012325430
020 ## - INTERNATIONAL STANDARD BOOK NUMBER
International Standard Book Number 9789711012151
020 ## - INTERNATIONAL STANDARD BOOK NUMBER
Canceled/invalid ISBN 9711012151
040 ## - CATALOGING SOURCE
Original cataloging agency DLC
Description conventions rda
Transcribing agency DLC
Modifying agency DLC
Language of cataloging eng
042 ## - AUTHENTICATION CODE
Authentication code lcode
-- pcc
043 ## - GEOGRAPHIC AREA CODE
Geographic area code a-ph ---
050 00 - LIBRARY OF CONGRESS CALL NUMBER
Classification number AM79.P6
Item number L45t 2012
100 1# - MAIN ENTRY--PERSONAL NAME
Personal name Layug, Benjamin L.
Fuller form of name (Benjamin Locsin),
Dates associated with a name 1958-
245 12 - TITLE STATEMENT
Title A tourist guide to notable Philippine museums /
Statement of responsibility, etc. Benjamin Locsin Layug.
246 30 - VARYING FORM OF TITLE
Title proper/short title Philippine museums
264 #1 - PRODUCTION, PUBLICATION, DISTRIBUTION, MANUFACTURE, AND COPYRIGHT NOTICE
Place of production, publication, distribution, manufacture Quezon City :
Name of producer, publisher, distributor, manufacturer New Day Publishers,
Date of production, publication, distribution, manufacture, or copyright notice [2012]
264 #4 - PRODUCTION, PUBLICATION, DISTRIBUTION, MANUFACTURE, AND COPYRIGHT NOTICE
Date of production, publication, distribution, manufacture, or copyright notice ©2012
300 ## - PHYSICAL DESCRIPTION
Extent xxvi, 214 pages :
Other physical details illustrations ;
Dimensions 23cm
336 ## - CONTENT TYPE
Content type term text
Content type code txt
Source rdacontent
337 ## - MEDIA TYPE
Media type term unmediated
Media type code n
Source rdamedia
338 ## - CARRIER TYPE
Carrier type term volume
Carrier type code nc
Source rdacarrier
504 ## - BIBLIOGRAPHY, ETC. NOTE
Bibliography, etc. note Includes bibliographical references (pages [211]-212).
650 #0 - SUBJECT ADDED ENTRY--TOPICAL TERM
Topical term or geographic name entry element Museums
Geographic subdivision Philippines.
906 ## - LOCAL DATA ELEMENT F, LDF (RLIN)
a 7
b cbc
c origode
d 3
e ncip
f 20
g y-gencatlg
942 ## - ADDED ENTRY ELEMENTS (KOHA)
Source of classification or shelving scheme Library of Congress Classification
Koha item type Filipiniana
Holdings
Withdrawn status Source of classification or shelving scheme Damaged status Not for loan Collection code Home library Current library Shelving location Date acquired Total Checkouts Full call number Barcode Date last seen Copy number Price effective from Koha item type
  Library of Congress Classification     Reference Morong College Library Morong College Library   07/29/2015   AM 79 .P6 .L455 2012 URSMOR-CL-26660 01/21/2001 1 01/16/2023 Filipiniana
  Library of Congress Classification     Reference Morong College Library Morong College Library   07/29/2015   AM 79 .P6 .L455 2012 URSMOR-CL-26661 01/21/2001 2 01/16/2023 Filipiniana
  Library of Congress Classification     Reference Morong College Library Morong College Library   07/29/2015   AM 79 .P6 .L455 2012 URSMOR-CL-26662 01/21/2001 3 01/16/2023 Filipiniana
  Library of Congress Classification     Non-fiction Pililla College Library Pililla College Library General Stacks 10/10/2016   069.025599 L45t 2012 URSPIL-4390 05/31/2019 1 10/10/2016 Filipiniana
  Library of Congress Classification     Non-fiction Pililla College Library Pililla College Library General Stacks 10/10/2016   069.025599 L45t 2012 URSPIL-4391 05/31/2019 2 10/10/2016 Filipiniana
  Library of Congress Classification     Non-fiction Pililla College Library Pililla College Library General Stacks 10/10/2016   069.025599 L45t 2012 URSPIL-4392 05/31/2019 3 10/10/2016 Filipiniana

University of Rizal System
Email us at univlibservices@urs.edu.ph

Visit our Website www.urs.edu.ph/library